Click the Indian State on a Borderless Map - Statistics

General Stats
  • This quiz has been taken 404 times
  • The average score is 22 of 36
Answers on the Map
Answers color-coded by a green-red scale on the quiz's map according to % correct below.
 
Answer Stats
Answer % Correct
Andaman and
Nicobar Islands
74%
Gujarat
74%
Rajasthan
74%
Uttar Pradesh
74%
West Bengal
74%
Maharashtra
72%
Tamil Nadu
72%
Kerala
71%
Madhya Pradesh
69%
Karnataka
67%
Sikkim
67%
Odisha
66%
Punjab
65%
Bihar
64%
Ladakh
64%
Lakshadweep
64%
Assam
63%
Delhi
62%
Goa
62%
Telangana
62%
Uttarakhand
62%
Jammu and Kashmir
61%
Arunachal Pradesh
59%
Himachal Pradesh
59%
Puducherry
59%
Haryana
58%
Chhattisgarh
56%
Meghalaya
56%
Andhra Pradesh
55%
Dadra and Nagar Haveli
and Daman and Diu
55%
Jharkhand
55%
Mizoram
55%
Tripura
55%
Nagaland
52%
Manipur
50%
Chandigarh
45%
No matching quizzes found
Score Distribution
Percent of People with Each Score
Percentile by Number Answered
Your Score History
You have not taken this quiz